Voices of the poor (Record no. 78380)
[ view plain ]
| 000 -LEADER | |
|---|---|
| fixed length control field | 00950nam a2200217 a 4500 |
| 008 - FIXED-LENGTH DATA ELEMENTS--GENERAL INFORMATION | |
| fixed length control field | 120416s2000 ||||||||||||||||| || u |
| 020 ## - INTERNATIONAL STANDARD BOOK NUMBER | |
| International Standard Book Number | 0195216016 |
| 050 ## - LIBRARY OF CONGRESS CALL NUMBER | |
| Classification number | HV 4028 Nar |
| 100 ## - MAIN ENTRY--PERSONAL NAME | |
| Personal name | Rademacher, Anne |
| 245 10 - TITLE STATEMENT | |
| Title | Voices of the poor |
| 246 ## - | |
| -- | can anyone hear us |
| 260 ## - PUBLICATION, DISTRIBUTION, ETC. (IMPRINT) | |
| Place of publication, distribution, etc | Oxford |
| Name of publisher, distributor, etc | Oxford University Press |
| Date of publication, distribution, etc | 2000 |
| 300 ## - PHYSICAL DESCRIPTION | |
| Extent | xi,343p. : ill. |
| 350 ## - | |
| -- | 0.00 |
| 700 ## - ADDED ENTRY--PERSONAL NAME | |
| Personal name | Schafft, Kai |
| 700 ## - ADDED ENTRY--PERSONAL NAME | |
| Personal name | Koch-Schult, Sarah |
| 700 ## - ADDED ENTRY--PERSONAL NAME | |
| Personal name | Narayan, Deepa |
| 995 ## - RECOMMENDATION 995 [LOCAL, UNIMARC FRANCE] | |
| -- | 0.00 |
| -- | CBU-MAIN LIBRARY (Kitwe) |
| -- | 2 |
| -- | 0.00 |
| -- | 2 |
| -- | AVAILABLE |
| -- | Main Library Open Access Collection |
| 995 ## - RECOMMENDATION 995 [LOCAL, UNIMARC FRANCE] | |
| -- | 0.00 |
| -- | CBU-MAIN LIBRARY (Kitwe) |
| -- | 1 |
| -- | 0.00 |
| -- | 1 |
| -- | AVAILABLE |
| -- | Annex Low-Usage Collection |
| 995 ## - RECOMMENDATION 995 [LOCAL, UNIMARC FRANCE] | |
| -- | 0.00 |
| -- | CBU-MAIN LIBRARY (Kitwe) |
| -- | 3 |
| -- | 0.00 |
| -- | 3 |
| -- | AVAILABLE |
| -- | Main Library Open Access Collection |
| Withdrawn status | Lost status | Source of classification or shelving scheme | Damaged status | Not for loan | Permanent Location | Current Location | Shelving location | Date acquired | Total Checkouts | Full call number | Barcode | Date last seen | Copy number | Price effective from | Koha item type |
|---|---|---|---|---|---|---|---|---|---|---|---|---|---|---|---|
| CBU-MAIN LIBRARY, KITWE. | CBU-MAIN LIBRARY, KITWE. | 05/16/2023 | HV 4028 Nar | 38306 | 05/16/2023 | 1 | 05/16/2023 | MONOGRAPH | |||||||
| CBU-MAIN LIBRARY, KITWE. | CBU-MAIN LIBRARY, KITWE. | 05/16/2023 | HV 4028 Nar | 38304 | 05/16/2023 | 2 | 05/16/2023 | MONOGRAPH | |||||||
| CBU-MAIN LIBRARY, KITWE. | CBU-MAIN LIBRARY, KITWE. | 05/16/2023 | HV 4028 Nar | 38305 | 05/16/2023 | 3 | 05/16/2023 | MONOGRAPH |